<?xml version="1.0" encoding="UTF-8"?>
<record
    xmlns:xsi="http://www.w3.org/2001/XMLSchema-instance"
    xsi:schemaLocation="http://www.loc.gov/MARC21/slim http://www.loc.gov/standards/marcxml/schema/MARC21slim.xsd"
    xmlns="http://www.loc.gov/MARC21/slim">

  <leader>02268nam a2200217Ia 4500</leader>
  <datafield tag="952" ind1=" " ind2=" ">
    <subfield code="0">0</subfield>
    <subfield code="1">0</subfield>
    <subfield code="2">lcc</subfield>
    <subfield code="4">0</subfield>
    <subfield code="7">0</subfield>
    <subfield code="a">11</subfield>
    <subfield code="b">11</subfield>
    <subfield code="d">2011-07-21</subfield>
    <subfield code="l">16</subfield>
    <subfield code="o">LC41 T869 </subfield>
    <subfield code="p">11 009279</subfield>
    <subfield code="r">2018-11-08</subfield>
    <subfield code="s">2018-11-08</subfield>
    <subfield code="t">1</subfield>
    <subfield code="w">2012-06-26</subfield>
    <subfield code="y">LB</subfield>
  </datafield>
  <datafield tag="952" ind1=" " ind2=" ">
    <subfield code="0">0</subfield>
    <subfield code="1">0</subfield>
    <subfield code="2">lcc</subfield>
    <subfield code="4">0</subfield>
    <subfield code="7">0</subfield>
    <subfield code="a">11</subfield>
    <subfield code="b">11</subfield>
    <subfield code="d">2011-07-21</subfield>
    <subfield code="l">3</subfield>
    <subfield code="o">LC41 T869 </subfield>
    <subfield code="p">11 009280</subfield>
    <subfield code="r">2016-10-15</subfield>
    <subfield code="s">2016-10-15</subfield>
    <subfield code="t">2</subfield>
    <subfield code="w">2012-06-26</subfield>
    <subfield code="y">LB</subfield>
  </datafield>
  <datafield tag="952" ind1=" " ind2=" ">
    <subfield code="0">0</subfield>
    <subfield code="1">0</subfield>
    <subfield code="4">0</subfield>
    <subfield code="7">0</subfield>
    <subfield code="a">21</subfield>
    <subfield code="b">21</subfield>
    <subfield code="d">2016-10-06</subfield>
    <subfield code="l">10</subfield>
    <subfield code="o">LC41 T869 2006</subfield>
    <subfield code="p">21 003305</subfield>
    <subfield code="r">2023-03-22</subfield>
    <subfield code="s">2023-03-22</subfield>
    <subfield code="t">1</subfield>
    <subfield code="w">2016-10-06</subfield>
    <subfield code="y">LB</subfield>
  </datafield>
  <datafield tag="952" ind1=" " ind2=" ">
    <subfield code="0">0</subfield>
    <subfield code="1">0</subfield>
    <subfield code="2">lcc</subfield>
    <subfield code="4">0</subfield>
    <subfield code="7">0</subfield>
    <subfield code="a">07</subfield>
    <subfield code="b">07</subfield>
    <subfield code="d">2017-01-19</subfield>
    <subfield code="l">1</subfield>
    <subfield code="o">LC41  T869</subfield>
    <subfield code="p">07 006010</subfield>
    <subfield code="r">2019-04-08</subfield>
    <subfield code="s">2019-03-30</subfield>
    <subfield code="t">1</subfield>
    <subfield code="w">2017-01-19</subfield>
    <subfield code="y">LB</subfield>
  </datafield>
  <datafield tag="999" ind1=" " ind2=" ">
    <subfield code="c">72856</subfield>
    <subfield code="d">72856</subfield>
  </datafield>
  <controlfield tag="008">120626s2006    sp            000 0 spa d</controlfield>
  <datafield tag="020" ind1=" " ind2=" ">
    <subfield code="a">9788480638081</subfield>
  </datafield>
  <datafield tag="050" ind1=" " ind2=" ">
    <subfield code="a">LC41 </subfield>
    <subfield code="b">T869 </subfield>
  </datafield>
  <datafield tag="100" ind1=" " ind2=" ">
    <subfield code="a">Gallego, Sof&#xED;a </subfield>
    <subfield code="e">Coordinador</subfield>
  </datafield>
  <datafield tag="245" ind1=" " ind2=" ">
    <subfield code="a">La tutor&#xED;a y la orientaci&#xF3;n en el siglo XXI</subfield>
    <subfield code="b">: Nuevas propuestas</subfield>
    <subfield code="c">/ Coordonadores Sof&#xED;a, Gallego . Ioan, Riart</subfield>
  </datafield>
  <datafield tag="260" ind1=" " ind2=" ">
    <subfield code="a">Espa&#xF1;a </subfield>
    <subfield code="b">: Octaedro</subfield>
    <subfield code="c">, 2006</subfield>
  </datafield>
  <datafield tag="300" ind1=" " ind2=" ">
    <subfield code="a">303 p&#xE1;ginas</subfield>
  </datafield>
  <datafield tag="440" ind1=" " ind2=" ">
    <subfield code="a">Educaci&#xF3;n</subfield>
  </datafield>
  <datafield tag="505" ind1=" " ind2=" ">
    <subfield code="a">Introducci&#xF3;n: Tutor&#xED;a y orientaci&#xF3;n en el siglo XXI  
El proceso hist&#xF3;rico de la tutor&#xED;a de la ense&#xF1;anza  
Conceptos y agentes dela Orientaci&#xF3;n: estructura tri&#xE1;dica  
El tutor &#xBF;Qui&#xE9;n es?  
El Plan de Acci&#xF3;n Tutorial (PAT)  
El Tutor/a y las sesiones de tutor&#xED;a con los grupos I Objetivos, modelos y tem&#xE1;tica  
El Tutor/a y las sesiones de tutor&#xED;a con los grupos II. La programaci&#xF3;n  
El Tutor/a y las sesiones de tutor&#xED;a con los grupos III. Din&#xE1;mica de los grupos  
El Tutor y la tutor&#xED;a individual: la entrevista  
Otras tareas tutoriales: gesti&#xF3;n administrativa y reuniones  
La tutor&#xED;a en la educaci&#xF3;n infantil  
La intervenci&#xF3;n tutorial en la Educaci&#xF3;n Primaria  
La intervenci&#xF3;n tutorial en Secundaria obligatoria
La intervenci&#xF3;n tutorial en Secundaria. propuesta organizativa  
La intervenci&#xF3;n tutorial en la formaci&#xF3;n profesionalizadora  
La tutoria en los estudios de Bachillerato  
La intervenci&#xF3;n tutorial en la educaci&#xF3;n superior  
La formaci&#xF3;n espec&#xED;fica del tutor/a  
El orientador de centro  
El orientador y sus &#xE1;mbitos espec&#xED;ficos I. Procesos de aprendizaje  
El orientador y sus &#xE1;mbitos espec&#xED;ficos II. Orientaci&#xF3;n profesional  
El orientador y sus &#xE1;mbitos espec&#xED;ficos III. La atenci&#xF3;n a la diversidad  
El orientador de los equipos externos (EAP)  
La acci&#xF3;n tutorial en Europa  
La evaluaci&#xF3;n de la intervenci&#xF3;n tutorial  </subfield>
  </datafield>
  <datafield tag="519" ind1=" " ind2=" ">
    <subfield code="a">Plan flexible / </subfield>
    <subfield code="b">Maestr&#xED;a en educaci&#xF3;n / </subfield>
    <subfield code="c">Desarrollo humano y tutor&#xED;a (M06-1) /</subfield>
    <subfield code="d">(21 003305)</subfield>
  </datafield>
  <datafield tag="519" ind1=" " ind2=" ">
    <subfield code="a">Plan flexible / </subfield>
    <subfield code="b">Maestr&#xED;a en educaci&#xF3;n / </subfield>
    <subfield code="c">Desarrollo humano y tutor&#xED;a (M06-3) /</subfield>
    <subfield code="d">(07 006010)</subfield>
  </datafield>
  <datafield tag="650" ind1=" " ind2="0">
    <subfield code="a">TUTORES Y TUTOR&#xCD;AS</subfield>
  </datafield>
  <datafield tag="650" ind1=" " ind2="0">
    <subfield code="a">ORIENTACI&#xD3;N EDUCATIVA</subfield>
    <subfield code="x">TUTOR&#xCD;AS</subfield>
  </datafield>
  <datafield tag="942" ind1=" " ind2=" ">
    <subfield code="c">LB</subfield>
  </datafield>
</record>
